Ingeniería electrónica

Wedi'i Gadw mewn:
Manylion Llyfryddiaeth
Prif Awdur: Alley, Charles L.
Fformat: Llyfr
Iaith:Spanish
Cyhoeddwyd: México: Editorial Limusa 1979
Rhifyn:3
Pynciau:
Tagiau: Ychwanegu Tag
Dim Tagiau, Byddwch y cyntaf i dagio'r cofnod hwn!

MARC

LEADER 00000nam a2200000Ia 4500
003 L000717
005 20221231143939.0
008 140114s1979 mx a 000 ||spa d
040 |c cru CEDI 
082 |a 621.381 A471i 
100 |a Alley, Charles L.  |9 19275 
245 |a Ingeniería electrónica  
250 |a 3 
260 |a México: Editorial Limusa  |c 1979 
300 |a 888 páginas; ilustraciones 
500 |a Título en inglés : Electronic engineering 
650 |x ELECTRONICA  |9 19305 
942 |2 ddc  |c BK 
999 |c 14632  |d 14632